Beat the Clock: 1-100 - Statistics

General Stats
  • This quiz has been taken 67 times
  • The average score is 56 of 100
Answer Stats
# Answer % Correct
1 1
98%
2 2
98%
3 3
98%
4 4
98%
6 6
98%
5 5
95%
7 7
95%
8 8
95%
9 9
95%
11 11
88%
12 12
85%
20 20
85%
22 22
85%
10 10
83%
13 13
83%
14 14
83%
15 15
83%
16 16
83%
18 18
83%
19 19
83%
21 21
83%
17 17
80%
23 23
80%
30 30
78%
32 32
78%
33 33
78%
31 31
76%
34 34
76%
24 24
73%
27 27
73%
28 28
73%
25 25
71%
26 26
71%
29 29
71%
35 35
71%
41 41
68%
44 44
68%
36 36
66%
40 40
66%
55 55
66%
37 37
63%
38 38
63%
39 39
63%
43 43
63%
45 45
63%
42 42
61%
50 50
61%
51 51
61%
54 54
59%
56 56
59%
46 46
56%
53 53
56%
47 47
54%
48 48
54%
49 49
54%
52 52
54%
57 57
51%
66 66
51%
59 59
49%
60 60
49%
67 67
49%
58 58
46%
65 65
46%
61 61
44%
70 70
44%
68 68
41%
77 77
41%
62 62
39%
63 63
39%
69 69
39%
71 71
39%
64 64
37%
73 73
37%
76 76
37%
78 78
37%
75 75
34%
72 72
32%
74 74
32%
80 80
32%
88 88
32%
79 79
27%
81 81
27%
87 87
27%
90 90
27%
92 92
27%
83 83
24%
89 89
24%
85 85
22%
86 86
22%
91 91
22%
93 93
22%
95 95
22%
100 100
20%
82 82
20%
84 84
20%
99 99
20%
94 94
17%
96 96
17%
98 98
15%
97 97
12%
No matching quizzes found
Score Distribution
Percent of People with Each Score
Percentile by Number Answered
Your Score History
You have not taken this quiz